Science Quiz

Random Science or Elements Quiz

Tough Choices: Science Edition Quiz Stats

 Plays Quiz Updated Apr 6, 2016

Challenge
Share
Tweet
Embed
Score 0/21 Timer 07:00
7 Plays Today
Column A (Type A if Higher) A or B? % Correct
Minerals on Mohs Scale of Hardness???
88.5%
Speed of light (meters/second)???
87.6%
Constellations (International Astronomical Union)???
87.3%
Boiling point of water, on the Celsius scale???
86.2%
Poles on a magnet???
84.2%
Pairs of human chromosomes???
82%
Quark flavors???
81.6%
Genetically coded amino acids???
80.9%
Number of species of beetle in the world???
78.5%
Hearts in a giraffe???
76.7%
Mathematical value of π (pi)???
74.7%
Column A (Type A if Higher) A or B? % Correct
Degrees in a semicircle???
74.2%
Earth's highest elevation (above sea level, in meters)???
73.8%
Planets of the solar system without a moon???
72.9%
Faces of a cube???
68.5%
Troy ounces in a troy pound???
67.7%
3-Letter body parts, based on Sporcle standards???
62.9%
Highest classification of earthquake magnitude on the Richter scale???
58.3%
Lobes of the cerebral cortex of the human brain???
57.2%
Atoms in a molecule of water???
56.5%
Bones in the adult human body???
39.5%

You're not logged in!

Compare scores with friends on all Sporcle quizzes.
OR
Log In

You Might Also Like...

Show Comments

Extras

Top Quizzes Today


Score Distribution

Your Account Isn't Verified!

In order to create a playlist on Sporcle, you need to verify the email address you used during registration. Go to your Sporcle Settings to finish the process.

Report this User

Report this user for behavior that violates our Community Guidelines.

Details: